| 000 | 00830nam a22002297a 4500 | ||
|---|---|---|---|
| 999 |
_c12584 _d12584 |
||
| 003 | AR-CdUCM | ||
| 008 | 190409b ||||| |||| 00| 0 spa d | ||
| 040 |
_aMUNICIPALIDAD PROVINCIAL DEL CUSCO _cBIBLIOTECA MUNICIPAL DEL CUSCO |
||
| 082 |
_a371.264 / _bC73 / 1948 |
||
| 100 |
_aComas, Juan _920782 |
||
| 245 | _aLa práctica de las pruebas mentales y de instrucción / | ||
| 260 |
_aBuenos Aires : _bLosada, _c1948. |
||
| 300 |
_a194 páginas ; _c18 cm. |
||
| 440 |
_aEscuela activa _n19 _930480 |
||
| 505 | _aContenido: Consideraciones generales -- Pruebas mentales -- Pruebas de instrucción -- Conclusión. | ||
| 650 |
_aPruebas psicológicas _97330 |
||
| 650 |
_aPsicología de la educación _97331 |
||
| 650 |
_aMente humana _918299 |
||
| 700 |
_aLago, Regina _930481 |
||
| 942 |
_2ddc _cLIBROS |
||
| 945 |
_adavv _d09/04/2019 |
||